Top 4 in Football at the Olympic Games - Statistics

General Stats
  • This quiz has been taken 120 times
    58 since last reset
  • The average score is 92 of 104
Answer Stats
Edition Position Nation % Correct
1928 2nd Argentina
100%
1996 2nd Argentina
100%
2004 1st Argentina
100%
2008 1st Argentina
100%
1984 1st France
100%
2024 2nd France
100%
1908 1st Great Britain
100%
1912 1st Great Britain
100%
1948 4th Great Britain
100%
1920 2nd Spain
100%
1992 1st Spain
100%
2000 2nd Spain
100%
2020 2nd Spain
100%
2024 1st Spain
100%
1920 4th Italy
98%
1928 3rd Italy
98%
1936 1st Italy
98%
1960 4th Italy
98%
1984 4th Italy
98%
1988 4th Italy
98%
2004 3rd Italy
98%
1976 4th Brazil
96%
1984 2nd Brazil
96%
1988 2nd Brazil
96%
1996 3rd Brazil
96%
2008 3rd Brazil
96%
2012 2nd Brazil
96%
2016 1st Brazil
96%
2020 1st Brazil
96%
1924 1st Uruguay
96%
1928 1st Uruguay
96%
1956 1st Soviet Union
94%
1972 3rd Soviet Union
94%
1976 3rd Soviet Union
94%
1980 3rd Soviet Union
94%
1988 1st Soviet Union
94%
1964 3rd United Team of Germany
94%
2000 4th USA
94%
1920 1st Belgium
92%
2008 4th Belgium
92%
1936 4th Poland
92%
1972 1st Poland
92%
1976 2nd Poland
92%
1992 2nd Poland
92%
1996 4th Portugal
92%
1952 4th Germany
90%
2016 2nd Germany
90%
1968 4th Mexico
90%
2012 1st Mexico
90%
2020 3rd Mexico
90%
2012 3rd South Korea
90%
1952 1st Hungary
88%
1960 3rd Hungary
88%
1964 1st Hungary
88%
1968 1st Hungary
88%
1972 2nd Hungary
88%
1968 3rd Japan
88%
2012 4th Japan
88%
2020 4th Japan
88%
1908 3rd Netherlands
88%
1912 3rd Netherlands
88%
1920 3rd Netherlands
88%
1924 4th Netherlands
88%
1908 4th Sweden
88%
1924 3rd Sweden
88%
1948 1st Sweden
88%
1952 3rd Sweden
88%
1992 4th Australia
86%
2000 3rd Chile
86%
2024 3rd Morocco
84%
1936 3rd Norway
84%
1948 2nd Yugoslavia
84%
1952 2nd Yugoslavia
84%
1956 2nd Yugoslavia
84%
1960 1st Yugoslavia
84%
1980 4th Yugoslavia
84%
1984 3rd Yugoslavia
84%
1988 3rd Yugoslavia
84%
1936 2nd Austria
82%
2000 1st Cameroon
82%
1908 2nd Denmark
82%
1912 2nd Denmark
82%
1948 3rd Denmark
82%
1960 2nd Denmark
82%
1996 1st Nigeria
82%
2008 2nd Nigeria
82%
2016 3rd Nigeria
82%
1924 2nd Switzerland
82%
1928 4th Egypt
80%
2024 4th Egypt
80%
1964 4th United Arab Republic
80%
1964 2nd Czechoslovakia
78%
1980 1st Czechoslovakia
78%
2004 2nd Paraguay
78%
1956 3rd Bulgaria
76%
1968 2nd Bulgaria
76%
1912 4th Finland
73%
1972 3rd East Germany
69%
1976 1st East Germany
69%
1980 2nd East Germany
69%
1992 3rd Ghana
65%
2004 4th Iraq
61%
1956 4th India
51%
2016 4th Honduras
43%
No matching quizzes found
Score Distribution
Percent of People with Each Score
Percentile by Number Answered
Your Score History
You have not taken this quiz since the last reset